000
00281nam a2200121Ia 4500
008
190216s9999||||xx |||||||||||||| ||und||
100
_a
Rabindranath Tagore
245
0
_a
Sacrifice
260
_b
Longman &green &co
_c
1963
300
_a
256p
650
_a
English Drama
942
_c
BK
999
_c
11564
_d
11564